The Fourier integral and its applications

Chapter 1. Introduction, Chapter 2. Basic theorems and examples, Chapter 3. Singularity Functions and Line Spectra, Chapter 4. Numerical Techniques and Uncertainty Principle,....

שמור ב:
מידע ביבליוגרפי
מחבר ראשי: Papoulis, Athanasios
פורמט: ספר
שפה:Undetermined
יצא לאור: New York McGraw-Hill 1962
נושאים:
תגים: הוספת תג
אין תגיות, היה/י הראשונ/ה לתייג את הרשומה!
Thư viện lưu trữ: Trung tâm Học liệu Trường Đại học Cần Thơ
LEADER 00736nam a2200193Ia 4500
001 CTU_19768
008 210402s9999 xx 000 0 und d
082 |a 515.723 
082 |b P218 
100 |a Papoulis, Athanasios 
245 4 |a The Fourier integral and its applications 
245 0 |c Athanasios Papoulis 
260 |a New York 
260 |b McGraw-Hill 
260 |c 1962 
520 |a Chapter 1. Introduction, Chapter 2. Basic theorems and examples, Chapter 3. Singularity Functions and Line Spectra, Chapter 4. Numerical Techniques and Uncertainty Principle,.... 
650 |a Fourier integral operators,Toán tử tích phân Fourier 
904 |i Minh, Hải 
980 |a Trung tâm Học liệu Trường Đại học Cần Thơ